Höchste Berge aller Kontinente - Statistiken

Allgemein
  • Dieses Quiz wurde 92 mal gespielt
  • Das Durchschnittsergebnis liegt bei 3 aus 7
Antwortstatistiken
Kontinent Höhe Berg % Korrekt
Asien 8'848 m Mount Everest
97%
Europa 4'805 m Mont Blanc
81%
Nordamerika 6'190 m Denali
41%
Südamerika 6'961 m Aconcagua
36%
Afrika 5'895 m Kibo
17%
Antarktika 4'892 m Mount Vinson
13%
Australien 4'884 m Puncak Jaya
7%
Keine übereinstimmenden Quizze gefunden
Verteilung der Resultate
Anzahl Personen mit jedem Resultat
Perzentil nach korrekt beantworteten Fragen
Ihre Resultats-Entwicklung
Sie haben dieses Quiz noch nicht gespielt